[Event "African Online-ch U20-Open 2021"]
[Site "Online"]
[Date "2021.02.01"]
[Round "6.11"]
[White "Lion, Pierre"]
[Black "van der Merwe, Alexander"]
[Result "1-0"]
[WhiteElo "1586"]
[BlackElo "1655"]
[Annotator "NA RC"]
[PlyCount "67"]
[EventDate "2021.02.01"]
[EventType "swiss"]
[EventCountry "NET"]
[SourceTitle "playchess.com"]
[Source "ChessBase"]
[SourceQuality "1"]
[TimeControl "1500+10"]

1. e4 {[%emt 0:00:00]} c5 {[%emt 0:00:02]} 2. Nf3 {[%emt 0:00:24]} d6 {[%emt 0:00:05]} 3. d4 {[%emt 0:00:32]} cxd4 {[%emt 0:00:06]} 4. Nxd4 {[%emt 0:00:05]} Nf6 {[%emt 0:00:03]} 5. Nc3 {[%emt 0:00:12]} a6 {[%emt 0:00:04]} 6. Be2 {[%emt 0:00:09]} e5 {[%emt 0:00:10]} 7. Nf5 {[%emt 0:00:29]} Bxf5 {[%emt 0:00:37]} 8. exf5 {[%emt 0:00:08]} Be7 {[%emt 0:02:01]} 9. Bf3 {[%emt 0:00:27]} Nc6 {[%emt 0:00:31]} 10. Be3 {[%emt 0:00:38]} Qa5 {[%emt 0:01:00]} 11. Qd2 {[%emt 0:00:46]} Rd8 {[%emt 0:01:19]} 12. O-O-O {[%emt 0:00:16]} O-O {[%emt 0:01:52]} 13. Kb1 {[%emt 0:00:14]} Kh8 {[%emt 0:04:59]} 14. g4 {[%emt 0:00:26]} d5 {[%emt 0:00:49]} 15. Nxd5 {[%emt 0:01:09]} Nb4 {[%emt 0:01:48]} 16. a3 {[%emt 0:01:23]} Nfxd5 {[%emt 0:01:37]} 17. Bxd5 {[%emt 0:00:07]} Qxd5 {[%emt 0:02:56]} 18. axb4 {[%emt 0:00:11]} Qe4 {[%emt 0:01:03]} 19. Qe2 {[%emt 0:00:45]} h6 {[%emt 0:00:59]} 20. f3 {[%emt 0:01:09]} Qxb4 {[%emt 0:00:12]} 21. h4 {[%emt 0:01:31]} Rxd1+ {[%emt 0:01:08]} 22. Rxd1 {[%emt 0:00:04]} Bxh4 {[%emt 0:01:31]} 23. Qh2 {[%emt 0:00:03]} Qe7 {[%emt 0:00:28]} 24. Rh1 {[%emt 0:00:14]} Bg5 {[%emt 0:00:14]} 25. Bxg5 {[%emt 0:00:04]} Qxg5 {[%emt 0:00:02]} 26. Qxe5 {[%emt 0:00:02]} Qd8 {[%emt 0:01:20]} 27. Rxh6+ {[%emt 0:00:08]} Kg8 {[%emt 0:00:06]} 28. Rh1 {[%emt 0:00:05]} Re8 {[%emt 0:00:14]} 29. Qh2 {[%emt 0:00:05]} Kf8 {[%emt 0:00:41]} 30. Qh8+ {[%emt 0:00:09]} Ke7 {[%emt 0:00:02]} 31. Qxg7 {[%emt 0:00:10]} Qd5 {[%emt 0:00:22]} 32. Kc1 {[%emt 0:01:04]} Qc4 {[%emt 0:01:09]} 33. Qe5+ {[%emt 0:00:12]} Kd7 {[%emt 0:00:36]} 34. Rd1+ {[%emt 0:00:04]} 1-0

[Event "African Online-ch U20-Open 2021"]
[Site "Online"]
[Date "2021.02.01"]
[Round "6.12"]
[White "George Samir, David"]
[Black "Fourie, Brandon"]
[Result "0-1"]
[WhiteElo "1775"]
[BlackElo "1583"]
[Annotator "NA RC"]
[PlyCount "104"]
[EventDate "2021.02.01"]
[EventType "swiss"]
[EventCountry "NET"]
[SourceTitle "playchess.com"]
[Source "ChessBase"]
[SourceQuality "1"]
[TimeControl "1500+10"]

1. e4 {[%emt 0:00:00]} c5 {[%emt 0:00:06]} 2. Nf3 {[%emt 0:00:07]} Nc6 {[%emt 0:00:02]} 3. d4 {[%emt 0:00:02]} cxd4 {[%emt 0:00:01]} 4. Nxd4 {[%emt 0:00:02]} Nf6 {[%emt 0:00:02]} 5. Nc3 {[%emt 0:00:03]} e5 {[%emt 0:00:01]} 6. Ndb5 {[%emt 0:00:02]} d6 {[%emt 0:00:01]} 7. Bg5 {[%emt 0:00:09]} a6 {[%emt 0:00:02]} 8. Na3 {[%emt 0:00:03]} b5 {[%emt 0:00:02]} 9. Nd5 {[%emt 0:00:02]} Be7 {[%emt 0:00:01]} 10. Bxf6 {[%emt 0:00:03]} Bxf6 {[%emt 0:00:01]} 11. c4 {[%emt 0:00:02]} b4 {[%emt 0:00:07]} 12. Nc2 {[%emt 0:00:02]} a5 {[%emt 0:00:23]} 13. h4 {[%emt 0:00:03]} O-O {[%emt 0:00:30]} 14. g3 {[%emt 0:01:02]} g6 {[%emt 0:01:04]} 15. Bg2 {[%emt 0:01:23]} Bg7 {[%emt 0:00:04]} 16. h5 {[%emt 0:00:45]} Ne7 {[%emt 0:00:38]} 17. h6 {[%emt 0:00:09]} Bh8 {[%emt 0:00:10]} 18. Nce3 {[%emt 0:00:08]} Ra7 {[%emt 0:00:40]} 19. Qf3 {[%emt 0:00:48]} f5 {[%emt 0:00:16]} 20. O-O {[%emt 0:02:03]} Be6 {[%emt 0:00:38]} 21. Nxe7+ {[%emt 0:01:24]} Qxe7 {[%emt 0:00:13]} 22. exf5 {[%emt 0:00:14]} gxf5 {[%emt 0:00:52]} 23. Nd5 {[%emt 0:00:13]} Qf7 {[%emt 0:00:18]} 24. Qe3 {[%emt 0:00:11]} f4 {[%emt 0:02:18]} 25. gxf4 {[%emt 0:00:56]} exf4 {[%emt 0:00:48]} 26. Nxf4 {[%emt 0:00:21]} Qxf4 {[%emt 0:01:50]} 27. Qxe6+ {[%emt 0:00:08]} Raf7 {[%emt 0:00:11]} 28. Qe3 {[%emt 0:00:34]} Qxe3 {[%emt 0:00:29]} 29. fxe3 {[%emt 0:00:09]} Rxf1+ {[%emt 0:00:03]} 30. Rxf1 {[%emt 0:00:04]} Rxf1+ {[%emt 0:00:05]} 31. Kxf1 {[%emt 0:00:05]} Bxb2 {[%emt 0:00:03]} 32. Ke2 {[%emt 0:00:09]} a4 {[%emt 0:00:42]} 33. Bd5+ {[%emt 0:00:25]} Kf8 {[%emt 0:00:12]} 34. Kf3 {[%emt 0:00:17]} b3 {[%emt 0:00:40]} 35. c5 {[%emt 0:00:06]} dxc5 {[%emt 0:00:16]} 36. axb3 {[%emt 0:00:10]} a3 {[%emt 0:00:05]} 37. b4 {[%emt 0:00:06]} cxb4 {[%emt 0:00:03]} 38. Kf4 {[%emt 0:00:14]} Ke7 {[%emt 0:00:24]} 39. Ke4 {[%emt 0:00:43]} Kf6 {[%emt 0:00:15]} 40. Kf4 {[%emt 0:00:17]} Kg6 {[%emt 0:00:40]} 41. e4 {[%emt 0:00:04]} Kxh6 {[%emt 0:00:02]} 42. Kf5 {[%emt 0:00:09]} Kg7 {[%emt 0:00:10]} 43. e5 {[%emt 0:00:16]} h5 {[%emt 0:00:26]} 44. Kg5 {[%emt 0:00:16]} Bxe5 {[%emt 0:00:10]} 45. Kxh5 {[%emt 0:00:05]} Kf6 {[%emt 0:00:07]} 46. Kg4 {[%emt 0:00:07]} Bd6 {[%emt 0:00:13]} 47. Bb3 {[%emt 0:01:43]} Ke5 {[%emt 0:00:08]} 48. Kf3 {[%emt 0:00:03]} Kd4 {[%emt 0:00:05]} 49. Ke2 {[%emt 0:00:14]} Kc3 {[%emt 0:00:01]} 50. Be6 {[%emt 0:00:18]} b3 {[%emt 0:00:31]} 51. Kd1 {[%emt 0:00:20]} Kb2 {[%emt 0:00:04]} 52. Kd2 {[%emt 0:00:11]} a2 {[%emt 0:00:05]} 0-1

[Event "African Online-ch U20-Open 2021"]
[Site "Online"]
[Date "2021.02.01"]
[Round "6.13"]
[White "Mena, Martin"]
[Black "Mcligeyo, Robert"]
[Result "1-0"]
[WhiteElo "1776"]
[BlackElo "1688"]
[Annotator "NA RC"]
[PlyCount "49"]
[EventDate "2021.02.01"]
[EventType "swiss"]
[EventCountry "NET"]
[SourceTitle "playchess.com"]
[Source "ChessBase"]
[SourceQuality "1"]
[TimeControl "1500+10"]

1. d4 {[%emt 0:00:00]} Nf6 {[%emt 0:00:05]} 2. Nf3 {[%emt 0:00:04]} c5 {[%emt 0:00:03]} 3. d5 {[%emt 0:00:06]} e6 {[%emt 0:00:03]} 4. c4 {[%emt 0:00:13]} b5 {[%emt 0:00:02]} 5. Bg5 {[%emt 0:07:59]} exd5 {[%emt 0:00:13]} 6. cxd5 {[%emt 0:00:20]} d6 {[%emt 0:00:04]} 7. Nc3 {[%emt 0:00:28]} Be7 {[%emt 0:00:05]} 8. Nxb5 {[%emt 0:03:04]} O-O {[%emt 0:00:05]} 9. e3 {[%emt 0:03:52]} Ba6 {[%emt 0:01:25]} 10. Bc4 {[%emt 0:04:09]} Bxb5 {[%emt 0:00:05]} 11. Bxb5 {[%emt 0:00:16]} Qa5+ {[%emt 0:00:04]} 12. Qd2 {[%emt 0:00:07]} Qxb5 {[%emt 0:00:03]} 13. Qc2 {[%emt 0:03:47]} Nxd5 {[%emt 0:00:18]} 14. h4 {[%emt 0:00:49]} Bf6 {[%emt 0:00:25]} 15. Rd1 {[%emt 0:01:57]} Nb4 {[%emt 0:00:21]} 16. Qe4 {[%emt 0:00:10]} Qc6 {[%emt 0:00:46]} 17. Qg4 {[%emt 0:00:12]} Nd7 {[%emt 0:00:45]} 18. h5 {[%emt 0:00:15]} Bxg5 {[%emt 0:01:29]} 19. Nxg5 {[%emt 0:00:07]} Ne5 {[%emt 0:00:09]} 20. Qf5 {[%emt 0:00:08]} g6 {[%emt 0:04:49]} 21. hxg6 {[%emt 0:00:09]} hxg6 {[%emt 0:00:03]} 22. Qf6 {[%emt 0:00:12]} Nc2+ {[%emt 0:01:06]} 23. Kf1 {[%emt 0:00:09]} Nxe3+ {[%emt 0:01:25]} 24. fxe3 {[%emt 0:00:08]} Qb5+ {[%emt 0:00:04]} 25. Kg1 {[%emt 0:00:06]} 1-0

[Event "African Online-ch U20-Open 2021"]
[Site "Online"]
[Date "2021.02.01"]
[Round "6.14"]
[White "Pungo, Honorato"]
[Black "Ofile Masilo"]
[Result "1/2-1/2"]
[WhiteElo "1550"]
[BlackElo "1457"]
[Annotator "NA RC"]
[PlyCount "214"]
[EventDate "2021.02.01"]
[EventType "swiss"]
[EventCountry "NET"]
[SourceTitle "playchess.com"]
[Source "ChessBase"]
[SourceQuality "1"]
[TimeControl "1500+10"]

1. e4 {[%emt 0:00:00]} c5 {[%emt 0:00:09]} 2. Nf3 {[%emt 0:00:03]} d6 {[%emt 0:00:17]} 3. d4 {[%emt 0:00:03]} cxd4 {[%emt 0:00:07]} 4. Nxd4 {[%emt 0:00:02]} Nf6 {[%emt 0:00:05]} 5. Nc3 {[%emt 0:00:03]} a6 {[%emt 0:00:03]} 6. Bd3 {[%emt 0:00:06]} e5 {[%emt 0:00:25]} 7. Nb3 {[%emt 0:00:04]} Be7 {[%emt 0:00:12]} 8. O-O {[%emt 0:00:03]} O-O {[%emt 0:00:03]} 9. h3 {[%emt 0:00:02]} h6 {[%emt 0:00:13]} 10. f4 {[%emt 0:00:03]} Nc6 {[%emt 0:00:12]} 11. Kh1 {[%emt 0:00:08]} b5 {[%emt 0:00:11]} 12. a4 {[%emt 0:00:04]} b4 {[%emt 0:00:11]} 13. Ne2 {[%emt 0:00:14]} Be6 {[%emt 0:00:41]} 14. Nd2 {[%emt 0:00:26]} a5 {[%emt 0:01:22]} 15. b3 {[%emt 0:00:08]} Qc7 {[%emt 0:01:17]} 16. Bb2 {[%emt 0:00:05]} Rac8 {[%emt 0:01:43]} 17. Qe1 {[%emt 0:00:34]} exf4 {[%emt 0:00:53]} 18. Nxf4 {[%emt 0:00:06]} Ne5 {[%emt 0:00:07]} 19. Bxe5 {[%emt 0:00:35]} dxe5 {[%emt 0:00:04]} 20. Nxe6 {[%emt 0:00:09]} fxe6 {[%emt 0:00:06]} 21. Nc4 {[%emt 0:00:19]} Nh5 {[%emt 0:01:31]} 22. g3 {[%emt 0:01:51]} Rxf1+ {[%emt 0:04:23]} 23. Bxf1 {[%emt 0:00:10]} Rf8 {[%emt 0:01:18]} 24. Be2 {[%emt 0:00:27]} Nf6 {[%emt 0:00:25]} 25. Bd3 {[%emt 0:00:38]} Bc5 {[%emt 0:00:44]} 26. Qe2 {[%emt 0:00:09]} Nh7 {[%emt 0:01:32]} 27. Rf1 {[%emt 0:00:12]} Ng5 {[%emt 0:01:52]} 28. Rxf8+ {[%emt 0:00:17]} Kxf8 {[%emt 0:01:08]} 29. Kg2 {[%emt 0:00:05]} Kg8 {[%emt 0:00:35]} 30. h4 {[%emt 0:00:21]} Nf7 {[%emt 0:02:26]} 31. Qh5 {[%emt 0:00:26]} Bd4 {[%emt 0:00:58]} 32. Qg6 {[%emt 0:00:51]} Nd8 {[%emt 0:01:49]} 33. Qg4 {[%emt 0:00:42]} Qf7 {[%emt 0:02:21]} 34. Qf3 {[%emt 0:00:07]} Qxf3+ {[%emt 0:00:11]} 35. Kxf3 {[%emt 0:00:06]} Nc6 {[%emt 0:00:05]} 36. Kg4 {[%emt 0:01:18]} g6 {[%emt 0:00:22]} 37. Nd6 {[%emt 0:00:25]} Bc5 {[%emt 0:00:23]} 38. Nb7 {[%emt 0:00:47]} Bb6 {[%emt 0:00:30]} 39. Nd6 {[%emt 0:00:10]} Bc5 {[%emt 0:00:09]} 40. Nc4 {[%emt 0:00:04]} Bd4 {[%emt 0:00:07]} 41. Kf3 {[%emt 0:00:05]} Kg7 {[%emt 0:00:09]} 42. Nd2 {[%emt 0:00:09]} Bc3 {[%emt 0:00:10]} 43. Nf1 {[%emt 0:00:12]} Nd4+ {[%emt 0:00:09]} 44. Kg2 {[%emt 0:00:12]} Kf6 {[%emt 0:00:27]} 45. Nh2 {[%emt 0:00:21]} Bd2 {[%emt 0:00:08]} 46. Ng4+ {[%emt 0:00:10]} Kg7 {[%emt 0:00:06]} 47. Nxe5 {[%emt 0:00:06]} Bc3 {[%emt 0:00:03]} 48. Nf3 {[%emt 0:00:08]} Nxf3 {[%emt 0:00:05]} 49. Kxf3 {[%emt 0:00:03]} Kf6 {[%emt 0:00:02]} 50. Bc4 {[%emt 0:00:11]} e5 {[%emt 0:00:05]} 51. Bd5 {[%emt 0:00:08]} g5 {[%emt 0:00:07]} 52. Kg4 {[%emt 0:00:09]} gxh4 {[%emt 0:00:08]} 53. gxh4 {[%emt 0:00:04]} Bd4 {[%emt 0:00:19]} 54. Bc6 {[%emt 0:00:22]} Bc3 {[%emt 0:00:11]} 55. h5 {[%emt 0:00:06]} Bd2 {[%emt 0:00:08]} 56. Kf3 {[%emt 0:00:03]} Kg5 {[%emt 0:00:06]} 57. Be8 {[%emt 0:00:07]} Bc1 {[%emt 0:00:11]} 58. Ke2 {[%emt 0:00:04]} Bb2 {[%emt 0:00:08]} 59. Kd3 {[%emt 0:00:06]} Bd4 {[%emt 0:00:07]} 60. Kc4 {[%emt 0:00:02]} Bb6 {[%emt 0:00:04]} 61. c3 {[%emt 0:00:09]} bxc3 {[%emt 0:00:13]} 62. Kxc3 {[%emt 0:00:02]} Kf4 {[%emt 0:00:06]} 63. Bg6 {[%emt 0:00:05]} Bc5 {[%emt 0:00:14]} 64. Kc4 {[%emt 0:00:02]} Bb4 {[%emt 0:00:04]} 65. Kd5 {[%emt 0:00:09]} Be1 {[%emt 0:00:13]} 66. Kc6 {[%emt 0:00:08]} Bd2 {[%emt 0:00:14]} 67. Bf5 {[%emt 0:00:08]} Be1 {[%emt 0:00:08]} 68. Kc5 {[%emt 0:00:05]} Bb4+ {[%emt 0:00:09]} 69. Kc4 {[%emt 0:00:06]} Be1 {[%emt 0:00:04]} 70. Kd5 {[%emt 0:00:02]} Bb4 {[%emt 0:00:04]} 71. Ke6 {[%emt 0:00:03]} Be1 {[%emt 0:00:04]} 72. Kf6 {[%emt 0:00:03]} Bh4+ {[%emt 0:00:47]} 73. Ke6 {[%emt 0:00:11]} Be1 {[%emt 0:00:09]} 74. Kf7 {[%emt 0:00:05]} Kg5 {[%emt 0:00:08]} 75. Bg6 {[%emt 0:00:24]} Bc3 {[%emt 0:00:25]} 76. Ke6 {[%emt 0:00:05]} Kf4 {[%emt 0:00:16]} 77. Kf6 {[%emt 0:00:05]} Be1 {[%emt 0:00:07]} 78. Bf5 {[%emt 0:00:10]} Bh4+ {[%emt 0:00:05]} 79. Kg6 {[%emt 0:00:02]} Bg5 {[%emt 0:00:04]} 80. Kh7 {[%emt 0:00:03]} Ke3 {[%emt 0:00:11]} 81. Kg6 {[%emt 0:03:21]} Kd4 {[%emt 0:00:10]} 82. Kf7 {[%emt 0:00:11]} Kc5 {[%emt 0:00:14]} 83. Be6 {[%emt 0:00:10]} Kb4 {[%emt 0:00:06]} 84. Bc4 {[%emt 0:00:04]} Kc5 {[%emt 0:00:05]} 85. Ke6 {[%emt 0:00:04]} Bf4 {[%emt 0:00:03]} 86. Kf5 {[%emt 0:00:11]} Kb4 {[%emt 0:00:04]} 87. Ke6 {[%emt 0:00:06]} Kc5 {[%emt 0:00:03]} 88. Kd7 {[%emt 0:00:02]} Kb4 {[%emt 0:00:05]} 89. Kc6 {[%emt 0:00:02]} Bg5 {[%emt 0:00:06]} 90. Kd5 {[%emt 0:00:04]} Bf4 {[%emt 0:00:03]} 91. Kd6 {[%emt 0:00:02]} Bg3 {[%emt 0:00:09]} 92. Kc6 {[%emt 0:00:06]} Bf4 {[%emt 0:00:05]} 93. Bg8 {[%emt 0:00:14]} Bg5 {[%emt 0:00:09]} 94. Kd6 {[%emt 0:00:04]} Bf4 {[%emt 0:00:04]} 95. Bc4 {[%emt 0:00:09]} Bg3 {[%emt 0:00:05]} 96. Ke7 {[%emt 0:00:05]} Bf4 {[%emt 0:00:08]} 97. Kf6 {[%emt 0:00:02]} Kc5 {[%emt 0:00:05]} 98. Kf5 {[%emt 0:00:05]} Kb4 {[%emt 0:00:06]} 99. Bd5 {[%emt 0:00:02]} Kc5 {[%emt 0:00:05]} 100. Ke6 {[%emt 0:00:02]} Kb4 {[%emt 0:00:05]} 101. Kd6 {[%emt 0:00:02]} Bg3 {[%emt 0:00:05]} 102. Kc7 {[%emt 0:00:05]} Bf4 {[%emt 0:00:06]} 103. Bc4 {[%emt 0:00:12]} Bg5 {[%emt 0:00:07]} 104. Kd6 {[%emt 0:00:04]} Bf4 {[%emt 0:00:05]} 105. Kd5 {[%emt 0:00:01]} Bg3 {[%emt 0:00:07]} 106. Kd6 {[%emt 0:00:06]} Bf4 {[%emt 0:00:04]} 107. Ke6 {[%emt 0:00:01]} Kc5 {[%emt 0:00:03]} 1/2-1/2

[Event "African Online-ch U20-Open 2021"]
[Site "Online"]
[Date "2021.02.01"]
[Round "6.15"]
[White "Karania, Hardiv"]
[Black "Shah, Darshan Samir"]
[Result "0-1"]
[WhiteElo "1317"]
[BlackElo "1502"]
[Annotator "NA RC"]
[PlyCount "64"]
[EventDate "2021.02.01"]
[EventType "swiss"]
[EventCountry "NET"]
[SourceTitle "playchess.com"]
[Source "ChessBase"]
[SourceQuality "1"]
[TimeControl "1500+10"]

1. d4 {[%emt 0:00:00]} d5 {[%emt 0:00:08]} 2. Bf4 {[%emt 0:00:07]} Nf6 {[%emt 0:00:08]} 3. e3 {[%emt 0:00:09]} c5 {[%emt 0:00:08]} 4. c3 {[%emt 0:00:14]} e6 {[%emt 0:00:07]} 5. Nd2 {[%emt 0:00:05]} Nc6 {[%emt 0:00:06]} 6. Ngf3 {[%emt 0:00:03]} Bd6 {[%emt 0:00:08]} 7. Bd3 {[%emt 0:00:03]} Be7 {[%emt 0:00:38]} 8. O-O {[%emt 0:00:08]} c4 {[%emt 0:00:11]} 9. Bc2 {[%emt 0:00:07]} Nh5 {[%emt 0:00:20]} 10. Be5 {[%emt 0:00:29]} f6 {[%emt 0:00:25]} 11. Bg3 {[%emt 0:00:28]} Nxg3 {[%emt 0:00:30]} 12. fxg3 {[%emt 0:00:04]} O-O {[%emt 0:00:29]} 13. b3 {[%emt 0:00:10]} b5 {[%emt 0:00:12]} 14. b4 {[%emt 0:00:53]} a5 {[%emt 0:01:34]} 15. a3 {[%emt 0:00:33]} Qb6 {[%emt 0:00:26]} 16. Nh4 {[%emt 0:01:02]} f5 {[%emt 0:01:51]} 17. Qe2 {[%emt 0:04:21]} axb4 {[%emt 0:08:21]} 18. axb4 {[%emt 0:00:09]} Rxa1 {[%emt 0:00:07]} 19. Rxa1 {[%emt 0:00:04]} Bxb4 {[%emt 0:00:09]} 20. cxb4 {[%emt 0:02:05]} Nxd4 {[%emt 0:00:08]} 21. exd4 {[%emt 0:03:16]} Qxd4+ {[%emt 0:00:07]} 22. Qf2 {[%emt 0:01:38]} Qxa1+ {[%emt 0:00:06]} 23. Qf1 {[%emt 0:00:03]} Qc3 {[%emt 0:01:05]} 24. Qc1 {[%emt 0:00:27]} d4 {[%emt 0:01:54]} 25. Qd1 {[%emt 0:01:15]} d3 {[%emt 0:01:48]} 26. Bb1 {[%emt 0:00:03]} e5 {[%emt 0:00:27]} 27. Nf1 {[%emt 0:05:40]} e4 {[%emt 0:00:13]} 28. Ne3 {[%emt 0:00:08]} Qxb4 {[%emt 0:00:17]} 29. Nd5 {[%emt 0:00:30]} Qc5+ {[%emt 0:00:09]} 30. Ne3 {[%emt 0:00:24]} Qxe3+ {[%emt 0:00:04]} 31. Kf1 {[%emt 0:00:05]} g5 {[%emt 0:00:16]} 32. Nxf5 {[%emt 0:00:12]} Bxf5 {[%emt 0:00:08]} 0-1

[Event "African Online-ch U20-Open 2021"]
[Site "Online"]
[Date "2021.02.01"]
[Round "6.16"]
[White "Soojay, Jorah"]
[Black "Palmer, Reegan"]
[Result "0-1"]
[WhiteElo "1478"]
[BlackElo "1325"]
[Annotator "NA RC"]
[PlyCount "66"]
[EventDate "2021.02.01"]
[EventType "swiss"]
[EventCountry "NET"]
[SourceTitle "playchess.com"]
[Source "ChessBase"]
[SourceQuality "1"]
[TimeControl "1500+10"]

1. e4 {[%emt 0:00:00]} e5 {[%emt 0:00:11]} 2. Nf3 {[%emt 0:00:04]} Nc6 {[%emt 0:00:02]} 3. Bc4 {[%emt 0:00:06]} Nf6 {[%emt 0:00:05]} 4. d3 {[%emt 0:00:02]} d6 {[%emt 0:00:03]} 5. Bg5 {[%emt 0:00:04]} Bg4 {[%emt 0:00:03]} 6. h3 {[%emt 0:00:06]} Bh5 {[%emt 0:00:02]} 7. c3 {[%emt 0:00:11]} Be7 {[%emt 0:00:03]} 8. Nbd2 {[%emt 0:00:09]} h6 {[%emt 0:00:07]} 9. Bh4 {[%emt 0:00:07]} Nd7 {[%emt 0:00:41]} 10. Bxe7 {[%emt 0:00:16]} Qxe7 {[%emt 0:00:02]} 11. Qc2 {[%emt 0:00:39]} Nb6 {[%emt 0:01:49]} 12. Bb5 {[%emt 0:00:45]} O-O {[%emt 0:00:13]} 13. g4 {[%emt 0:00:19]} Bg6 {[%emt 0:00:04]} 14. O-O-O {[%emt 0:00:11]} d5 {[%emt 0:00:36]} 15. Rdg1 {[%emt 0:00:35]} dxe4 {[%emt 0:00:17]} 16. Nxe4 {[%emt 0:00:16]} Bxe4 {[%emt 0:01:15]} 17. dxe4 {[%emt 0:00:06]} Qf6 {[%emt 0:00:37]} 18. Be2 {[%emt 0:00:16]} Nd8 {[%emt 0:01:11]} 19. g5 {[%emt 0:00:07]} Qf4+ {[%emt 0:00:57]} 20. Kb1 {[%emt 0:00:04]} h5 {[%emt 0:01:19]} 21. Rg3 {[%emt 0:02:25]} Ne6 {[%emt 0:00:56]} 22. Bd1 {[%emt 0:01:43]} Nc5 {[%emt 0:01:35]} 23. Nh2 {[%emt 0:02:53]} Nxe4 {[%emt 0:01:28]} 24. Re3 {[%emt 0:01:18]} Nc4 {[%emt 0:01:49]} 25. Rxe4 {[%emt 0:03:44]} Nd2+ {[%emt 0:00:05]} 26. Ka1 {[%emt 0:00:05]} Nxe4 {[%emt 0:00:04]} 27. Bxh5 {[%emt 0:00:06]} g6 {[%emt 0:04:44]} 28. Bxg6 {[%emt 0:01:35]} fxg6 {[%emt 0:00:31]} 29. f3 {[%emt 0:00:04]} Rad8 {[%emt 0:01:27]} 30. fxe4 {[%emt 0:00:13]} Rd2 {[%emt 0:00:17]} 31. Qb3+ {[%emt 0:00:20]} Kg7 {[%emt 0:00:19]} 32. Qxb7 {[%emt 0:01:08]} Rxh2 {[%emt 0:00:18]} 33. Qxc7+ {[%emt 0:00:10]} Rf7 {[%emt 0:02:13]} 0-1